|
|
|
|
| LEADER |
01338nam a22003494a 4500 |
| 001 |
EBC176862 |
| 003 |
MiAaPQ |
| 005 |
20200520144314.0 |
| 006 |
m o d | |
| 007 |
cr cn||||||||| |
| 008 |
030925s2004 njua sb 001 0 eng |
| 020 |
|
|
|z 0471463078
|
| 035 |
|
|
|a (MiAaPQ)EBC176862
|
| 035 |
|
|
|a (Au-PeEL)EBL176862
|
| 035 |
|
|
|a (CaPaEBR)ebr10113996
|
| 035 |
|
|
|a (CaONFJC)MIL34566
|
| 035 |
|
|
|a (OCoLC)54983794
|
| 040 |
|
|
|a MiAaPQ
|c MiAaPQ
|d MiAaPQ
|
| 050 |
|
4 |
|a HG4028.V3
|b E365 2004
|
| 082 |
0 |
4 |
|a 332.63/2042
|2 22
|
| 100 |
1 |
|
|a Ehlers, John F.,
|d 1933-
|
| 245 |
1 |
0 |
|a Cybernetic analysis for stocks and futures
|h [electronic resource] :
|b cutting-edge DSP technology to improve your trading /
|c John F. Ehlers.
|
| 260 |
|
|
|a Hoboken, N.J. :
|b John Wiley,
|c c2004.
|
| 300 |
|
|
|a xiii, 256 p. :
|b ill.
|
| 504 |
|
|
|a Includes bibliographical references (p. 249-250) and index.
|
| 533 |
|
|
|a Electronic reproduction. Ann Arbor, MI : ProQuest, 2015. Available via World Wide Web. Access may be limited to ProQuest affiliated libraries.
|
| 650 |
|
0 |
|a Corporations
|x Valuation.
|
| 650 |
|
0 |
|a Chief executive officers
|x Rating of.
|
| 650 |
|
0 |
|a Investment analysis.
|
| 655 |
|
4 |
|a Electronic books.
|
| 710 |
2 |
|
|a ProQuest (Firm)
|
| 856 |
4 |
0 |
|u https://ebookcentral.proquest.com/lib/matrademy/detail.action?docID=176862
|z Click to View
|